000 00712nam a2200217 a 4500
001 000014588
005 20200929163855.0
008 100115s2000 xxua r 000 0 spa d
020 _a0446676985
040 _aDO-SdBNP
_bspa
_cBNPHU
082 _a796.357
_bS715s
100 1 _aSosa, Sammy,
_d1968-
_933029
245 1 0 _aSosa :
_buna autobiografía /
_cSammy Sosa con Marcos Bretón.
260 _aNew York :
_bWarner Books,
_c2000.
300 _a212 p. :
_bil., retrs.
590 _aInventariado, 2018/BT
600 1 4 _aSOSA, SAMMY,
_d1968-
_933030
650 4 _aJugadores de béisbol
_zRepública Dominicana
_xBiografías
_918747
700 1 2 _aBretón, Marcos
_933031
910 _aValidado. Control de calidad. MFF
999 _c14174
_d14174